Administrative law / (Record no. 507)

000 -LEADER
fixed length control field 00551nam a22002057a 4500
003 - CONTROL NUMBER IDENTIFIER
control field OSt
005 - DATE AND TIME OF LATEST TRANSACTION
control field 20140116120830.0
008 - FIXED-LENGTH DATA ELEMENTS--GENERAL INFORMATION
fixed length control field 111022t xxu||||| |||| 00| 0 eng d
020 ## - INTERNATIONAL STANDARD BOOK NUMBER
International Standard Book Number 9788170121428
040 ## - CATALOGING SOURCE
Transcribing agency OC
050 ## - LIBRARY OF CONGRESS CALL NUMBER
Classification number KD4879.M37 2008
100 ## - MAIN ENTRY--PERSONAL NAME
Personal name Massey, I. P.
245 ## - TITLE STATEMENT
Title Administrative law /
Statement of responsibility, etc I. P. Massey .
250 ## - EDITION STATEMENT
Edition statement 7th ed.
260 ## - PUBLICATION, DISTRIBUTION, ETC. (IMPRINT)
Place of publication, distribution, etc Lucknow :
Name of publisher, distributor, etc Eastern Book Company ,
Date of publication, distribution, etc 2008.
300 ## - PHYSICAL DESCRIPTION
Extent civ, 659 p.
500 ## - GENERAL NOTE
General note Includes index and bibliography
648 ## - SUBJECT ADDED ENTRY--CHRONOLOGICAL TERM
Chronological term Administrative law -- India.
942 ## - ADDED ENTRY ELEMENTS (KOHA)
Source of classification or shelving scheme
Koha item type Book
Holdings
Withdrawn status Lost status Source of classification or shelving scheme Damaged status Not for loan Home library Current library Date acquired Source of acquisition Total Checkouts Total Renewals Full call number Barcode Date last seen Date checked out Copy number Price effective from Koha item type Checked out
          Riara University Library Riara University Library 22/10/2011 Purchase 22 3 KD4879.M37 2008 838/11 25/07/2022 07/07/2022 C.1 22/10/2011 Book  
          Riara University Library Riara University Library 22/10/2011 Purchase 16 2 KD4879.M37 2008 837/11 03/03/2020 03/03/2020 C.2 22/10/2011 Book 19/03/2020
          Riara University Library Riara University Library 22/10/2011 Purchase 39 6 KD4879.M37 2008 836/11 10/04/2026 10/04/2026 C.3 22/10/2011 Book 27/04/2026

Riara University Library,
P.O. Box 49940-00100,
Nairobi, Kenya.